| 000 | 00625nam a2200157 i 4500 | ||
|---|---|---|---|
| 001 | 163465 | ||
| 003 | ES-MaACL | ||
| 005 | 20230906212738.0 | ||
| 008 | 000922s1872 sp |||| | spa d | ||
| 040 |
_aCCPB | B _bspa _cCCPB | B |
||
| 100 | 1 |
_aRibó, José Joaquín. _9131782 |
|
| 245 | 1 | 0 |
_aÁ bordo del vapor Guipúzcoa / _cpor José Joaquin Ribó. |
| 260 |
_aMadrid : _b[s.n.], _c1872 ( _fimprenta de la viuda é hijos de Galiano) |
||
| 300 |
_a111 p. ; _c18 cm. |
||
| 852 |
_aES-MaACL _jT-643-F-10 _z-- Enc. hol. conservando la original _z-- Dedic. ms. del autor a Aurelia Anton, 1874 _x-- Edic.: En port. consta: 1ª ed. |
||
| 999 |
_c163465 _d163465 |
||